| 000 | 01223nam2a22002771 4500 | ||
|---|---|---|---|
| 001 | RU\NLR\INFOCOMM10\1000274348 | ||
| 005 | 20250617124213.0 | ||
| 035 | _a(NLR Aleph) 002608140 | ||
| 090 |
_a3505532 _c3505532 |
||
| 100 | _a20040812d1967 |||y0rusy50 ca | ||
| 101 | 0 | _arus | |
| 102 | _aRU | ||
| 105 | _ay ||||||||| | ||
| 200 | 1 |
_aУльтразвуковой резонансный толщиномер с последовательным анализатором спектра _fС.П. Фурсов, К.В. Глыбач |
|
| 210 |
_d1967 _aБ. м. |
||
| 225 | 1 |
_aТема 2 _vВып.126 |
|
| 461 | 0 |
_1001RU\NLR\INFOCOMM10\1000264961 _12001#$aПередовой научно-технический и производственный опыт$fГос. Ком. Совета Министров РСФСР по координации науч.-исслед. работ. Гос. Науч.-исслед. ин-т науч. и техн. информации$v1967, №2-67-1093 |
|
| 700 | 1 |
_aФурсов _bС.П. _4070 |
|
| 701 | 1 |
_aГлыбач _bК.В. _4070 |
|
| 801 | 1 |
_aRU _bInfoComm _c20040812 |
|
| 801 | 0 |
_aRU _bNLR _gPSBO |
|
| 852 |
_aNLR _jП11/2295 |
||
| 942 | _cISSUE | ||
| 980 | _aNB | ||
| 980 | _aRUSPER | ||